<?xml version="1.0" encoding="UTF-8"?><?xml-stylesheet type="text/xsl" href="static/style.xsl"?><OAI-PMH xmlns="http://www.openarchives.org/OAI/2.0/" xmlns:xsi="http://www.w3.org/2001/XMLSchema-instance" xsi:schemaLocation="http://www.openarchives.org/OAI/2.0/ http://www.openarchives.org/OAI/2.0/OAI-PMH.xsd"><responseDate>2026-06-05T13:04:07Z</responseDate><request verb="GetRecord" identifier="oai:riuma.uma.es:10630/10950" metadataPrefix="marc">https://riuma.uma.es/rest/oai/request</request><GetRecord><record><header><identifier>oai:riuma.uma.es:10630/10950</identifier><datestamp>2026-02-03T12:54:08Z</datestamp><setSpec>com_10630_8690</setSpec><setSpec>com_10630_3139</setSpec><setSpec>com_10630_10</setSpec><setSpec>col_10630_10918</setSpec></header><metadata><record xmlns="http://www.loc.gov/MARC21/slim" xmlns:dcterms="http://purl.org/dc/terms/" xmlns:doc="http://www.lyncode.com/xoai" xmlns:xsi="http://www.w3.org/2001/XMLSchema-instance" xsi:schemaLocation="http://www.loc.gov/MARC21/slim http://www.loc.gov/standards/marcxml/schema/MARC21slim.xsd">
   <leader>00925njm 22002777a 4500</leader>
   <datafield ind2=" " ind1=" " tag="042">
      <subfield code="a">dc</subfield>
   </datafield>
   <datafield ind2=" " ind1=" " tag="720">
      <subfield code="a">Ripoll-Salceda, Juan Cruz</subfield>
      <subfield code="e">author</subfield>
   </datafield>
   <datafield ind2=" " ind1=" " tag="720">
      <subfield code="a">Bravo-Iriso, Celia</subfield>
      <subfield code="e">author</subfield>
   </datafield>
   <datafield ind2=" " ind1=" " tag="720">
      <subfield code="a">Irurzun-Peruchena, Mikel</subfield>
      <subfield code="e">author</subfield>
   </datafield>
   <datafield ind2=" " ind1=" " tag="720">
      <subfield code="a">Pérez-Pérez, Encarna</subfield>
      <subfield code="e">author</subfield>
   </datafield>
   <datafield ind2=" " ind1=" " tag="720">
      <subfield code="a">Zuazu-Martínez, Ana Begoña</subfield>
      <subfield code="e">author</subfield>
   </datafield>
   <datafield ind2=" " ind1=" " tag="260">
      <subfield code="c">2016</subfield>
   </datafield>
   <datafield ind2=" " ind1=" " tag="520">
      <subfield code="a">Peer tutoring has proven to be an effective method for teaching reading. In this experiment 106 2nd grade students received nine sessions of the LEO-PAR-D peer tutoring program. Participants performed reciprocal tutoring, supervising partner reading, asking questions and giving points for reading or responding correctly. In addition, they made predictions and answared to questions about the texts. The reading level was assessed before and after intervention with the tests ACL-2, TECLE and PEES. In all three cases there was a significant improvement. The effect size was small for reading comprehension and moderate for reading efficiency.&#xd;
The results of this experiment indicate that the LEO-PAR-D program could be useful in improving some aspects of reading, therefore, further investigation is warranted to evaluate the program effectiveness with a stronger design.</subfield>
   </datafield>
   <datafield ind1="8" ind2=" " tag="024">
      <subfield code="a">http://hdl.handle.net/10630/10950</subfield>
   </datafield>
   <datafield tag="653" ind2=" " ind1=" ">
      <subfield code="a">Lectura - Comprensión</subfield>
   </datafield>
   <datafield ind2="0" ind1="0" tag="245">
      <subfield code="a">Mejora de la lectura en 2º de Primaria mediante un programa de tutoría entre iguales</subfield>
   </datafield>
</record>
</metadata></record></GetRecord></OAI-PMH>